LEADER 02272nam 22004935 450 001 996453545903316 005 20211217065530.0 010 $a3-8394-6024-7 024 7 $a10.1515/9783839460245 035 $a(CKB)5590000000881924 035 $a(DE-B1597)600670 035 $a(DE-B1597)9783839460245 035 $a(EXLCZ)995590000000881924 100 $a20211217h20212021 fg 101 0 $ager 135 $aur||||||||||| 181 $ctxt$2rdacontent 182 $cc$2rdamedia 183 $acr$2rdacarrier 200 10$aMigrationsliteratur aus der Schweiz $eBeat Sterchi, Franco Supino, Aglaja Veteranyi, Melinda Nadj Abonji und Ilma Rakusa /$fStéphane Maffli 210 1$aBielefeld : $ctranscript Verlag, $d[2021] 210 4$d©2021 215 $a1 online resource (306 p.) 225 0 $aGegenwartsliteratur : TRSGELI ;$v12 330 $aWenige Ereignisse sind so identitätsprägend und -stiftend wie die Erfahrung der Migration. Wie ist es, in einer fremden Gesellschaft ein neues Leben zu beginnen? Und welche Antworten kann die Literatur auf diese Frage geben? Stéphane Maffli analysiert die Literatursprache und Erzählweise von fünf Texten aus der deutschsprachigen Schweiz, die Einblick in Migration geben. Er zeigt, wie sich bei der Lektüre die Möglichkeit der Identifikation mit den Figuren eröffnet, und wie die Rolle der Migrationserfahrung für die Identitätsbildung vorstellbar wird. Die Berücksichtigung gesellschaftlicher und kultureller Prozesse erweitert die literaturwissenschaftliche Perspektive um eine soziologische Dimension. 606 $aLITERARY CRITICISM / European / German$2bisacsh 610 $aContemporary Literature. 610 $aCultural History. 610 $aGerman Literature. 610 $aLiterary Studies. 610 $aMigration. 610 $aRacism. 610 $aSocial History. 610 $aSociety. 610 $aSwitzerland. 610 $aXenophobia. 615 7$aLITERARY CRITICISM / European / German. 700 $aMaffli$b Stéphane, $4aut$4http://id.loc.gov/vocabulary/relators/aut$01223489 801 0$bDE-B1597 801 1$bDE-B1597 906 $aBOOK 912 $a996453545903316 996 $aMigrationsliteratur aus der Schweiz$92838809 997 $aUNISA